000 00461nam a2200193Ia 4500
005 20240823025649.0
008 240823s9999||||xx |||||||||||||| ||und||
020 _a978-81-318-0788-0
041 _aENGLISH
082 _A621 P9
100 _aBansal R K
245 0 _aMechanical Engineering (Objective Type)
250 _a6th
260 _c2009
_b"Laxmi,New Delhi"
500 _aYES
650 _aMechanical
_bMechanical
942 _cBK
999 _c186857
_d186857